000 00570nam a2200193Ia 4500
005 20250508160208.0
008 008 250505s9999 xx 000 0 eng d
037 _aBooks to be hide in OPAC
040 _aFEDL
_beng
_cFEDL
041 _aeng
_2eng
084 _qFEDL
100 _aBonner H R
_9768037
245 0 _aStatistics of teachers' colleges and normal schools, 1919-20
260 _aWashington, USA
_bU.S. Government Printing Office
_c1922
300 _a68p.
546 _aBulletin, 1922, No. 8; Weeded out
942 _cHB
999 _c1362573
_d1362573